000 00436nam a22001457a 4500
008 220927b |||||||| |||| 00| 0 eng d
020 _a0470023848
050 _aRC660
_b.P79 2005
245 _aPsychology in diabetes care/
_cEdited by Frank J. Snoek & T. chas Skinner
250 _a2nd ed.
260 _aEngland
_bJohn Wiley & Sons, Ltd
_c2005
300 _axviii, 205p.
650 _aDiabetes
_vPsychological aspects
942 _2lcc
_cBK
999 _c19575
_d19574